Estados de México - ¡Muerte Súbita! - Estadísticas

Estadísticas generales
  • Esta prueba ha sido intentada 93 veces
    78 desde el último reinicio
  • La puntuación promedio es 9 de 16
Answers on the Grid
Answers color-coded by a green-red scale on the quiz's grid according to % correct below.
Yucatán
Tlaxcala
Hidalgo
Tabasco
Guerrero
Tamaulipas
Puebla
Sinaloa
Sonora
Veracruz
Querétaro
Guanajuato
Nayarit
Colima
Coahuila
Baja California
Mexicali
Monterrey
Cuernavaca
Mérida
Tuxtla
Puerto Vallarta
Pachuca
Toluca
Cancún
Nogales
Tehuacán
Texcoco
 
Estadísticas de respuestas
Respuesta % Correcto
Sinaloa
67%
Tamaulipas
67%
Veracruz
67%
Guanajuato
64%
Puebla
62%
Yucatán
60%
Baja California
57%
Sonora
57%
Colima
55%
Tabasco
55%
Coahuila
52%
Guerrero
52%
Nayarit
52%
Querétaro
52%
Tlaxcala
48%
Hidalgo
43%
No se encontraron pruebas coincidentes
Distribución de puntuación
Porcentaje de gente con cada puntuación
Porcentaje por número respondido
Historial de tus puntuaciones
No has intentado esta prueba desde el último reinicio